[Event "17MCR_F"]
[Site "?"]
[Date "2005.??.??"]
[Round "?"]
[White "Svoboda, Frantisek"]
[Black "Javorsky, Jan"]
[Result "1-0"]
[WhiteElo "2391"]
[BlackElo "2305"]
[PlyCount "145"]
[EventDate "2005.??.??"]
[EventType "corr"]
[SourceDate "2005.03.19"]

1. c4 Nf6 2. Nc3 g6 3. g3 Bg7 4. Bg2 O-O 5. Nf3 d5 6. cxd5 Nxd5 7. O-O Nc6 8.
d4 Nb6 9. d5 Nb8 10. e4 e6 11. Bg5 Qd6 12. Qb3 exd5 13. Bf4 Qc5 14. Nxd5 Nxd5
15. exd5 Na6 16. Be3 Qa5 17. Nd2 Bd7 18. Nc4 Qb4 19. Qxb4 Nxb4 20. Bc5 Bb5 21.
Bxb4 Bxc4 22. Rfd1 Rfc8 23. d6 cxd6 24. Bxb7 Bxb2 25. Rab1 Rab8 26. Bxc8 Rxb4
27. Rd2 Bc3 28. Rxb4 Bxb4 29. Rc2 Bd5 30. Ba6 Kg7 31. Kf1 g5 32. Ke2 Bc5 33. f3
f5 34. Bc4 Bc6 35. Rb2 Bb6 36. Bb5 Bb7 37. h3 Kf6 38. Bd3 h6 39. Rb5 Bc8 40. f4
Bd7 41. Rb1 gxf4 42. gxf4 Be8 43. Bb5 Bh5+ 44. Kd2 Bf3 45. a4 Be4 46. Rb3 d5
47. Bd3 Bg2 48. h4 Bc7 49. Ke3 Bb6+ 50. Ke2 Bh3 51. Kf3 Bg4+ 52. Kg3 Ba5 53.
Rb7 Bb6 54. Bc2 Ke6 55. Bb3 Kd6 56. Rf7 h5 57. Rf6+ Kc5 58. Bc2 d4 59. Bxf5 Bd1
60. Rf8 Kb4 61. Bg6 Kc3 62. Rc8+ Kb2 63. Bd3 Bxa4 64. f5 Bd7 65. Rc2+ Kb3 66.
f6 Be6 67. Kf4 Kb4 68. Kg5 Bf7 69. Bg6 Bb3 70. f7 Bxf7 71. Bxf7 d3 72. Rc4+ Kb3
73. Rc8+ 1-0

[Event "17MCR_F"]
[Site "?"]
[Date "2005.??.??"]
[Round "?"]
[White "Kostal, Jindrich"]
[Black "Javorsky, Jan"]
[Result "1/2-1/2"]
[WhiteElo "2405"]
[BlackElo "2305"]
[PlyCount "118"]
[EventDate "2005.??.??"]
[EventType "corr"]
[SourceDate "2005.03.19"]

1. e4 e6 2. d4 d5 3. Nd2 c5 4. exd5 exd5 5. Ngf3 Nf6 6. Bb5+ Bd7 7. Bxd7+ Nbxd7
8. O-O Be7 9. dxc5 Nxc5 10. Nb3 Nce4 11. Re1 Qc7 12. Be3 O-O 13. Bd4 Rfe8 14.
c3 Bd6 15. Qd3 a6 16. Rad1 Re6 17. h3 Rae8 18. Be3 R6e7 19. Nbd4 Qc8 20. a3 b6
21. Re2 Nh5 22. Rde1 Bf4 23. Nh4 g6 24. Nc2 Ng5 25. Bd4 Rxe2 26. Rxe2 Ne6 27.
Re1 Nxd4 28. Qxd4 Rxe1+ 29. Nxe1 Qe6 30. Nhf3 Bc7 31. g3 Qe4 32. a4 h6 33. Qd3
a5 34. Qa6 Kg7 35. Qb7 Bxg3 36. Qxb6 Bf4 37. Qxa5 Bc1 38. c4 Nf4 39. b3 Qf5 40.
Qb5 Ba3 41. cxd5 Qxh3 42. Qe8 Bd6 43. a5 g5 44. Qe3 Bc5 45. Nd4 Qg4+ 46. Kf1
Qh4 47. Qe5+ Kg8 48. Qe8+ Bf8 49. Ndf3 Qh1+ 50. Ng1 Qxd5 51. a6 Qa5 52. Qa4
Qxa4 53. bxa4 Nd5 54. a7 Nc7 55. Nd3 f6 56. f4 Kf7 57. f5 Ke8 58. Ne2 Kd7 59.
Nd4 Na8 1/2-1/2

[Event "17MCR_F"]
[Site "?"]
[Date "2005.??.??"]
[Round "?"]
[White "Boukal, Petr"]
[Black "Masek, Jan"]
[Result "1/2-1/2"]
[WhiteElo "2417"]
[BlackElo "2368"]
[PlyCount "146"]
[EventDate "2005.??.??"]
[EventType "corr"]
[SourceDate "2005.03.19"]

1. e4 e5 2. Nf3 Nc6 3. d4 exd4 4. Nxd4 Bc5 5. Be3 Qf6 6. c3 Qg6 7. Qf3 Nf6 8.
Nb5 Bxe3 9. Qxe3 Kd8 10. Nd2 Re8 11. f3 d5 12. Qf4 Ne5 13. O-O-O Bd7 14. exd5
Nxd5 15. Qd4 Nb6 16. Re1 f6 17. f4 Nc6 18. Rxe8+ Qxe8 19. Qf2 Nb4 20. Na3 N4d5
21. Nc2 c6 22. Bd3 Qh5 23. f5 Qh6 24. g3 Kc7 25. Re1 Re8 26. c4 Ne7 27. g4 c5
28. Qxc5+ Kd8 29. Qd6 Nc6 30. Rxe8+ Kxe8 31. c5 Nc8 32. Qg3 Ne5 33. Be4 b6 34.
cxb6 axb6 35. h4 Kd8 36. g5 Qh5 37. gxf6 gxf6 38. Ne3 Nd6 39. Qg8+ Qe8 40. Qb3
Bb5 41. Bc2 Qc6 42. Qg8+ Kc7 43. Nd5+ Kb7 44. Qxh7+ Ndf7 45. Nc3 Qh1+ 46. Bd1
Bd7 47. Nf3 Qf1 48. a3 Qf2 49. Kb1 Nc4 50. Be2 Ncd6 51. Qg7 Bc6 52. Nd2 Qxf5+
53. Ka1 Qe6 54. h5 Nf5 55. Qh7 N5d6 56. Qg6 Kc7 57. Nf3 Nf5 58. Nb5+ Bxb5 59.
Bxb5 N7d6 60. h6 Nxh6 61. Qc2+ Kd8 62. Qc6 Nhf5 63. Qxb6+ Kc8 64. Ba6+ Kd7 65.
Qa7+ Kd8 66. Qc5 Qb3 67. Nd2 Qd1+ 68. Nb1 Qd4 69. Qxd4 Nxd4 70. b4 f5 71. Kb2
Kc7 72. Nc3 Kc6 73. Ne2 Nxe2 1/2-1/2

[Event "17MCR_F"]
[Site "?"]
[Date "2005.??.??"]
[Round "?"]
[White "Boukal, Petr"]
[Black "Svoboda, Frantisek"]
[Result "1-0"]
[WhiteElo "2417"]
[BlackElo "2390"]
[PlyCount "111"]
[EventDate "2005.??.??"]
[EventType "corr"]
[SourceDate "2005.03.19"]

1. e4 e6 2. d4 d5 3. Nc3 Nf6 4. Bg5 dxe4 5. Nxe4 Be7 6. Bxf6 Bxf6 7. Nf3 Nd7 8.
Qd2 O-O 9. O-O-O b6 10. Bc4 Bb7 11. Rhe1 Bd5 12. Bd3 c5 13. c4 Bb7 14. dxc5 Qe7
15. Nxf6+ Nxf6 16. cxb6 axb6 17. Kb1 Bxf3 18. gxf3 Ra5 19. Qf4 Kh8 20. Rg1 Rfa8
21. a3 Rc5 22. Rg5 Rd8 23. Rxc5 Qxc5 24. Qe3 Qc6 25. f4 Qa4 26. Rc1 Qc6 27. Be2
h6 28. Bf3 Qc7 29. b3 Rc8 30. Rd1 b5 31. Rc1 Qd6 32. c5 Qa6 33. b4 Nd5 34. Bxd5
exd5 35. Rd1 Rd8 36. Kb2 Qc8 37. Qe5 f6 38. Qe2 Qd7 39. Re1 Kh7 40. Qe7 Qf5 41.
Qe3 Qd7 42. Qf3 Kh8 43. f5 d4 44. Re6 Qc7 45. Qg3 Qf7 46. Qd3 Qc7 47. c6 Qf4
48. Re2 Kh7 49. Qg3 Qxf5 50. Re7 Rg8 51. c7 Kh8 52. f3 h5 53. Qg1 Kh7 54. Qxd4
Qxf3 55. Qe4+ Qxe4 56. Rxe4 1-0

[Event "17MCR_F"]
[Site "?"]
[Date "2005.??.??"]
[Round "?"]
[White "Javorsky, Jan"]
[Black "Boukal, Petr"]
[Result "1/2-1/2"]
[WhiteElo "2305"]
[BlackElo "2417"]
[PlyCount "121"]
[EventDate "2005.??.??"]
[EventType "corr"]
[SourceDate "2005.03.19"]

1. d4 g6 2. e4 Bg7 3. Nf3 d6 4. Bc4 a6 5. a4 Nf6 6. Nc3 O-O 7. h3 Nxe4 8. Nxe4
d5 9. Bd3 dxe4 10. Bxe4 c5 11. dxc5 Qa5+ 12. c3 Qxc5 13. O-O Nd7 14. Re1 Qc7
15. Bc2 Re8 16. a5 b5 17. axb6 Nxb6 18. h4 h5 19. Be4 Bb7 20. Bf4 Qc8 21. Bxb7
Qxb7 22. Be5 Red8 23. Qb3 Rd7 24. Rad1 Rxd1 25. Rxd1 Rf8 26. Bxg7 Kxg7 27. Qb4
Rc8 28. b3 Rc6 29. c4 Qc7 30. Ra1 Nc8 31. Qc3+ Kg8 32. Ne5 Re6 33. Nd3 Na7 34.
Nb4 Qb7 35. Nd3 Qc7 36. c5 Nb5 37. Qc4 Kg7 38. b4 Qd7 39. f3 Re3 40. Rd1 e5 41.
Kf2 Qd4 42. Qxd4 exd4 43. Nf4 Rb3 44. Nd5 Rb2+ 45. Kg3 Rc2 46. Ra1 Rc4 47. Kf4
d3+ 48. Ke3 d2 49. Rd1 a5 50. bxa5 Rxc5 51. Rxd2 Nd6 52. Ne7 Rxa5 53. Rxd6 Re5+
54. Kf4 Rxe7 55. Rd4 Ra7 56. Rc4 Ra5 57. Rb4 Ra7 58. Kg3 Rc7 59. Kh3 Ra7 60.
Rb6 Rc7 61. Kg3 1/2-1/2

[Event "17MCR_F"]
[Site "?"]
[Date "2005.??.??"]
[Round "?"]
[White "Soudny, Jiri"]
[Black "Javorsky, Jan"]
[Result "1/2-1/2"]
[WhiteElo "2326"]
[BlackElo "2305"]
[PlyCount "138"]
[EventDate "2005.??.??"]
[EventType "corr"]
[SourceDate "2005.03.19"]

1. d4 Nf6 2. c4 g6 3. Nc3 Bg7 4. e4 d6 5. Nf3 O-O 6. Be2 e5 7. O-O Nc6 8. d5
Ne7 9. b4 Nh5 10. Re1 f5 11. Ng5 Nf6 12. Bf3 Kh8 13. Bb2 c6 14. Qb3 fxe4 15.
Ncxe4 cxd5 16. cxd5 Nxe4 17. Nxe4 Nf5 18. Rac1 Nd4 19. Bxd4 exd4 20. h3 Be5 21.
b5 Bf5 22. Bg4 Bxe4 23. Rxe4 Qb6 24. Re2 a6 25. Bd7 Rad8 26. Bg4 Qxb5 27. Qxb5
axb5 28. Rb1 Ra8 29. Rxb5 h5 30. Be6 d3 31. Rd2 Bd4 32. Rxd3 Bxf2+ 33. Kh2 Rxa2
34. Rxb7 h4 35. Rd1 Bc5 36. Kh1 Rff2 37. Rg1 Rfb2 38. Rxb2 Rxb2 39. Rf1 Rd2 40.
Kh2 Kg7 41. Rf7+ Kh6 42. Rf3 Bf2 43. Rf8 Kg5 44. Rf3 Ba7 45. Rf1 Bd4 46. Kh1
Be3 47. Kh2 Re2 48. Kh1 Rd2 49. Kh2 Bf2 50. Kh1 Rb2 51. Kh2 Rd2 52. Kh1 Ba7 53.
Kh2 Rc2 54. Re1 Ra2 55. Rf1 Rd2 56. Rf7 Bf2 57. Rf3 Kh5 58. Rf7 Kh6 59. Rf8 Bc5
60. Rf3 Kg5 61. Rf1 Ba7 62. Rf7 Bd4 63. Rf1 Bc5 64. Kh1 Bf2 65. Ra1 Bd4 66. Rf1
Bf2 67. Ra1 Kf6 68. Rf1 Rc2 69. Kh2 Ke5 1/2-1/2

[Event "17MCR_F"]
[Site "?"]
[Date "2005.??.??"]
[Round "?"]
[White "Sykora, Josef"]
[Black "Masek, Jan"]
[Result "1/2-1/2"]
[WhiteElo "2394"]
[BlackElo "2368"]
[PlyCount "165"]
[EventDate "2005.??.??"]
[EventType "corr"]
[SourceDate "2005.03.19"]

1. d4 Nf6 2. c4 c5 3. d5 b5 4. cxb5 a6 5. bxa6 e6 6. Nc3 Nxd5 7. Nxd5 exd5 8.
Qxd5 Nc6 9. e3 Be7 10. Nf3 O-O 11. Bd2 Qb6 12. Bc3 d6 13. Qb3 Nb4 14. Bxb4 cxb4
15. Bd3 Bxa6 16. O-O Bxd3 17. Qxd3 Bf6 18. Qb3 Qa7 19. Qxb4 Rfb8 20. Qxd6 Rxb2
21. Rfd1 h6 22. Qf4 Rxa2 23. Rxa2 Qxa2 24. e4 Qa4 25. Re1 Bc3 26. Rf1 Re8 27.
Qe3 Bb2 28. Re1 Qa3 29. Qxa3 Bxa3 30. Kf1 Bb4 31. Re2 Kh7 32. g3 g6 33. Nd4 Bc5
34. Nb5 Kg7 35. f4 Rb8 36. Nc7 Rb7 37. Ne8+ Kf8 38. Nf6 h5 39. Rc2 Ke7 40. e5
Rb5 41. Ne4 Bb6 42. Rc6 Bd8 43. Nf6 Rb2 44. Rd6 Ba5 45. Ra6 Bd8 46. h3 Kf8 47.
Ra8 Ke7 48. h4 Rd2 49. Ke1 Rb2 50. Ra6 Kf8 51. Ne4 Rb4 52. Nc3 Rb2 53. Ra8 Ke7
54. Ne4 Bb6 55. Kf1 Ke6 56. Ng5+ Ke7 57. Rc8 Rf2+ 58. Ke1 Rg2 59. Rc6 Bd8 60.
Ne4 Ra2 61. Kf1 Ke8 62. Rc1 Be7 63. Re1 Kd7 64. Re2 Ra4 65. Kg2 Ke6 66. Kh3 Kf5
67. Nc3 Ra1 68. Rc2 Bxh4 69. gxh4 Kxf4 70. e6 fxe6 71. Ne2+ Ke3 72. Ng3 Ra5 73.
Rc3+ Kd4 74. Ne2+ Ke5 75. Ng1 Ra1 76. Nf3+ Kf4 77. Nd2 Rh1+ 78. Kg2 Ra1 79.
Rc4+ Kf5 80. Ne4 Ra2+ 81. Kh3 Ra3+ 82. Ng3+ Kf6 83. Rf4+ 1/2-1/2

[Event "17MCR_F"]
[Site "?"]
[Date "2005.??.??"]
[Round "?"]
[White "Vozda, Jindrich"]
[Black "Priesol, Daniel"]
[Result "1/2-1/2"]
[WhiteElo "2494"]
[BlackElo "2318"]
[PlyCount "187"]
[EventDate "2005.??.??"]
[EventType "corr"]
[SourceDate "2005.03.19"]

1. e4 e5 2. Nf3 Nf6 3. Nxe5 d6 4. Nf3 Nxe4 5. d4 d5 6. Bd3 Bd6 7. O-O O-O 8. c4
c6 9. cxd5 cxd5 10. Nc3 Nxc3 11. bxc3 Qc7 12. Qc2 h6 13. Re1 Nc6 14. Qb3 Be6
15. Ba3 Bxa3 16. Qxa3 Rfe8 17. h3 Re7 18. Ne5 Qa5 19. Qxa5 Nxa5 20. f4 Rae8 21.
g4 a6 22. f5 Bc8 23. Kf2 Rc7 24. Bf1 b6 25. Rab1 b5 26. Nd3 Rd8 27. Nc5 Nc4 28.
Bxc4 dxc4 29. a4 bxa4 30. Rb4 g6 31. fxg6 fxg6 32. Rxa4 Rf8+ 33. Kg3 Rcf7 34.
Re3 Rf1 35. Rxc4 g5 36. d5 Rg1+ 37. Kh2 Rff1 38. Re2 h5 39. gxh5 Rh1+ 40. Kg3
Rfg1+ 41. Rg2 Rxh3+ 42. Kf2 Rc1 43. Rxg5+ Kh7 44. Ne4 Rc2+ 45. Kg1 Rc1+ 46. Kg2
Rc2+ 47. Nf2 Rhxc3 48. Rxc3 Rxc3 49. Ne4 Kh6 50. Kf2 Rh3 51. Rg6+ Kxh5 52. Rg8
Rh2+ 53. Ke3 Rc2 54. Kd4 Bb7 55. d6 Bc8 56. Nc5 Rd2+ 57. Ke5 Re2+ 58. Kf4 Rd2
59. Ne4 Rc2 60. Rg1 Rc4 61. Ke5 Kh6 62. Kf6 Kh5 63. Rh1+ Kg4 64. Ke5 Rb4 65.
Rg1+ Kh4 66. Rg8 Rb5+ 67. Kd4 Bd7 68. Rg7 Bc8 69. Ra7 Kg4 70. Ra8 Bd7 71. Nc5
Rb6 72. Ke5 Rb5 73. Rg8+ Kh5 74. Kd5 a5 75. Rd8 Bg4 76. Rh8+ Kg5 77. Rg8+ Kh5
78. Kc6 Rb4 79. Re8 Kg6 80. Re3 Kf6 81. Nd7+ Kg7 82. Rg3 Kh6 83. Nc5 Rf4 84.
Ra3 Kg6 85. Rxa5 Bf3+ 86. Kc7 Bg4 87. Ra6 Kf7 88. Ra1 Rc4 89. Ra5 Kf6 90. Kc6
Bf3+ 91. Kb6 Bg4 92. Ra3 Ke5 93. Kc6 Rc2 94. Re3+ 1/2-1/2

[Event "17MCR_F"]
[Site "?"]
[Date "2005.??.??"]
[Round "?"]
[White "Kostal, Jindrich"]
[Black "Hala, Martin"]
[Result "1/2-1/2"]
[WhiteElo "2405"]
[BlackElo "2383"]
[PlyCount "103"]
[EventDate "2005.??.??"]
[EventType "corr"]
[SourceDate "2005.03.19"]

1. e4 e5 2. Nf3 Nc6 3. Bb5 f5 4. Nc3 fxe4 5. Nxe4 d5 6. Nxe5 dxe4 7. Nxc6 Qg5
8. Qe2 Nf6 9. f4 Qxf4 10. Nxa7+ Bd7 11. Bxd7+ Kxd7 12. Qb5+ Ke6 13. Qb3+ Kd7
14. Qxb7 Bd6 15. Qb5+ Ke6 16. Qb3+ Ke7 17. Nc6+ Kd7 18. Nd4 Rhe8 19. Qh3+ Qg4
20. Qxg4+ Nxg4 21. h3 Nf6 22. a4 Nd5 23. Kd1 Bc5 24. Nb3 Ba7 25. Re1 Rad8 26.
Na5 e3 27. Ra3 Nf4 28. dxe3 Kc8+ 29. Bd2 Nxg2 30. Nc6 Nxe1 31. Nxd8 Ng2 32. Nc6
Bxe3 33. b4 Re6 34. b5 Rd6 35. Rd3 Rxd3 36. cxd3 Bxd2 37. Kxd2 g5 38. a5 Nf4
39. a6 Nxh3 40. Nd8 Kb8 41. Ne6 h5 42. Ke3 h4 43. d4 Ka7 44. d5 g4 45. Nxc7 g3
46. Kf3 Ng5+ 47. Kg2 h3+ 48. Kxg3 Ne4+ 49. Kxh3 Nd6 50. Kg4 Kb6 51. Ne6 Nxb5
52. Kf5 1/2-1/2